神社名読み方クイズ - Statistics

General Stats
  • This quiz has been taken 66 times
  • The average score is 9 of 70
Answer Stats
社名 鎮座地 旧社格 備考 通称 Answer % Correct
厳島神社 広島県廿日市市 官幣中社 安芸国一之宮 いつくしまじんじゃ
97%
石清水八幡宮 京都府八幡市 官幣大社 いわしみずはちまんぐう
87%
鶴岡八幡宮 神奈川県鎌倉市 国幣中社 つるがおかはちまんぐう
80%
日光二荒山神社 栃木県日光市 国幣中社 下野国一之宮 にっこうふたらさんじんじゃ
52%
大神神社 奈良県桜井市 官幣大社 大和国一之宮 おおみわじんじゃ
38%
石上神宮 奈良県天理市 官幣大社 いそのかみじんぐう
33%
枚岡神社 大阪府東大阪市 官幣大社 河内国一之宮 元春日(もとかすが) ひらおかじんじゃ
32%
筥崎宮 福岡県福岡市 官幣大社 筑前国一之宮 はこざきぐう
28%
伊弉諾神宮 兵庫県淡路市 官幣大社 淡路国一之宮 一宮さん(いっくさん) いざなぎじんぐう
25%
志波彦神社・鹽竈神社 宮城県塩竈市 国幣中社 鹽竈神社のみ陸奥国一之宮 しわひこじんじゃ・しおがまじんじゃ
22%
賀茂御祖神社 京都府京都市 官幣大社 山城国一之宮 下鴨神社(しもがもじんじゃ) かもみおやじんじゃ
20%
伊太祁曽神社 和歌山県和歌山市 官幣中社 紀伊国一之宮 いたきそじんじゃ
20%
都々古別神社 福島県棚倉町 国幣中社 陸奥国一之宮 つつこわけじんじゃ
17%
賀茂別雷神社 京都府京都市 官幣大社 山城国一之宮 上賀茂神社(かみがもじんじゃ) かもわけいかづちじんじゃ
17%
尾張大国霊神社 愛知県稲沢市 国幣小社 尾張国総社 国府宮神社(こうのみやじんじゃ) おわりおおくにたまじんじゃ
17%
大山祇神社 愛媛県今治市 国幣大社 伊予国一之宮 おおやまづみじんじゃ
15%
大和神社 奈良県天理市 官幣大社 おおやまとじんじゃ
15%
丹生川上神社 奈良県下市町・東吉野村・川上村 官幣大社 にうかわかみじんじゃ
15%
坐摩神社 大阪府大阪市 官幣中社 摂津国一之宮 坐摩神社(ざまじんじゃ) いかすりじんじゃ
13%
前玉神社 埼玉県行田市 郷社 さきたまじんじゃ
13%
真清田神社 愛知県一宮市 国幣中社 尾張国一之宮 ますみだじんじゃ
12%
橘樹神社 千葉県茂原市 県社 たちばなじんじゃ
12%
都久夫須麻神社 滋賀県長浜市 県社 竹生島神社(ちくぶしまじんじゃ) つくぶすまじんじゃ
12%
武勲神社 京都府京都市 別格官幣社 武勲神社(けんくんじんじゃ) たけいさおじんじゃ
10%
生島足島神社 長野県上田市 国幣中社 いくしまたるしまじんじゃ
10%
調神社 埼玉県さいたま市 県社 つきじんじゃ
10%
細石神社 福岡県糸島市 村社 さざれいしじんじゃ
10%
千栗八幡宮 佐賀県みやき町 国幣小社 肥前国一之宮 ちりくはちまんぐう
8%
日前神宮・國懸神宮 和歌山県和歌山 官幣大社 紀伊国一之宮 ひのくまじんぐう・くにかかすじんぐう
8%
海神社 兵庫県神戸市 官幣中社 海神社(かいじんじゃ) わたつみじんじゃ
8%
椿大神社 三重県鈴鹿市 県社 伊勢国一之宮 つばきおおかみやしろ
8%
酒列磯前神社 茨城県ひたちなか市 国幣中社 さかつらいそさきじんじゃ
7%
金鑚神社 埼玉県神川町 官幣中社 かなさなじんじゃ
7%
伊雜宮 三重県志摩市 皇大神宮別宮 志摩国一之宮 伊雜宮(いぞうぐう) いざわのみや
7%
飯香岡八幡宮 千葉県市原市 県社 上総国総社 いいがおかはちまんぐう
7%
所澤神明社 埼玉県所沢市 村社 神明社(しんめいしゃ) ところさわしんめいしゃ
7%
薦神社 大分県中津市 県社 大貞八幡宮(おおさだはちまんぐう) こもじんじゃ
7%
川勾神社 神奈川県二宮町 県社 二宮大明神(にのみやだいみょうじん) かわわじんじゃ
7%
倭文神社 鳥取県湯梨浜町 国幣小社 伯耆国一之宮 しどりじんじゃ(しずりじんじゃ)
5%
槵觸神社 宮崎県高千穂町 県社 二上神社(ふたかみじんじゃ) くしふるじんじゃ
5%
籠神社 京都府宮津市 国幣中社 丹後国一之宮 元伊勢籠神社(もといせ-) このじんじゃ
5%
伊勢山皇大神宮 神奈川県横浜市 旧官幣国幣社等外別格 いせやまこうたいじんぐう
5%
生國魂神社 大阪府大阪市 官幣大社 難波大社(なにわのおおやしろ) いくくにたまじんじゃ
5%
居多神社 新潟県上越市 県社 越後国一之宮 こたじんじゃ
3%
太皷谷稲成神社 島根県津和野町 郷社 たいこだにいなりじんじゃ
3%
西寒多神社 大分県大分市 国幣中社 豊後国一之宮 ささむたじんじゃ
3%
聖母宮 長崎県壱岐市 郷社 しょうもぐう
3%
光雲神社 福岡県福岡市 県社 てるもじんじゃ
3%
建水分神社 大阪府千早赤阪村 府社 水分神社(すいぶんじんじゃ) たけみくまりじんじゃ
3%
大荒比古神社・鞆結神社 滋賀県高島市 郷社 おおあらひこじんじゃ・ともゆいじんじゃ
3%
率川神社 奈良県奈良市 大神神社境外摂社 いさがわじんじゃ
3%
高士神社 台湾 社祠 くすくすじんじゃ
3%
安積国造神社 福島県郡山市 県社 あさかくにつこじんじゃ
2%
新日吉神宮 京都府京都市 府社 いまひえじんぐう
2%
温泉神社 長崎県雲仙市 県社 うんぜんじんじゃ
2%
印鑰神社 熊本県八代市 村社 いんにゃくじんじゃ
2%
庤神社 千葉県鴨川市 村社 もうけじんじゃ
2%
粒坐天照神社 兵庫県たつの市 県社 龍座神社(りゅうざじんじゃ) いいぼにますあまてらすじんじゃ
0%
阿志都弥神社・行過天満宮 滋賀県高島市 郷社 あしづみじんじゃ・ゆきすぎてんまんぐう
0%
飯生神社 北海道長万部町 村社 いいなりじんじゃ
0%
天久宮 沖縄県那覇市 無格社 あめくぐう
0%
門僕神社 奈良県曽爾村 村社 かどふさじんじゃ
0%
恋志谷神社 京都府南山城村 南山城村天満宮末社 こいしだにじんじゃ
0%
鉛練比古神社 滋賀県長浜市 村社 えれひこじんじゃ
0%
意富比神社 千葉県船橋市 県社 船橋大神宮(ふなばしだいじんぐう) おおひじんじゃ
0%
還来神社 滋賀県大津市 村社 もどろぎじんじゃ
0%
菌神社 滋賀県栗東市 不詳 くさびらじんじゃ
0%
万九千神社 島根県出雲市 村社 万九千神社(まんくせんじんじゃ) まくせのやしろ
0%
神魂神社 島根県松江市 県社 かもすじんじゃ
0%
旦椋神社 京都府宇治市 村社 あさくらじんじゃ
0%
No matching quizzes found
Score Distribution
Percent of People with Each Score
Percentile by Number Answered
Your Score History
You have not taken this quiz